00334nam a22000977a 4500082001200000100002000012245008200032260004100114650004200155700003900197 a200 THE aMUHAMMAD AHSAN  aTH-SOF-1068-Daily Sound Recognition for Elderly People Using Ensemble Methods aISLAMABADbNUST COLLEGE OF EMEc2015 aMS-COMPUTER ENGINEERING-73 MSTHESIS aSUPERVISOR Dr. Fahad Mumtaz Malik